|
|
|
|
| LEADER |
01019nam a2200265 a 4500 |
| 001 |
00025927 |
| 008 |
120910s2007 enka b 001 0 eng d |
| 999 |
|
|
|c 12832
|d 12832
|
| 020 |
|
|
|a 9781856694612
|
| 020 |
|
|
|a 1856694615
|
| 040 |
|
|
|a BD-DhAAL
|c BD-DhAAL
|
| 082 |
0 |
4 |
|a 720.49
|2 22
|
| 100 |
1 |
|
|a Kronenburg,Robert.
|9 32416
|
| 245 |
1 |
0 |
|a Flexible :
|b architecture that responds to change /
|c Robert Kronenburg.
|
| 260 |
|
|
|a London :
|b Laurence King,
|c 2007.
|
| 300 |
|
|
|a 239 p. :
|b ill. (chiefly col.) ;
|c 26 cm.
|
| 500 |
|
|
|a Includes bibliographical references (p. 232-233) and index.
|
| 526 |
|
|
|a ARC
|
| 541 |
|
|
|a 00025927
|
| 650 |
|
0 |
|a Architecture, Modern
|y 21st century.
|9 32417
|
| 650 |
|
0 |
|a Multipurpose buildings.
|9 32418
|
| 650 |
|
0 |
|a Flexible structures.
|9 32419
|
| 852 |
1 |
|
|a Ayesha Abed Library
|j General shelf
|
| 942 |
|
|
|2 ddc
|c BK
|
| 952 |
|
|
|0 0
|1 0
|4 0
|6 720_490000000000000_KRO
|7 0
|9 21109
|a BRACUL
|b BRACUL
|c GEN
|d 2012-09-10
|e Riza Enterprize
|g 4750.00
|l 9
|m 61
|o 720.49 KRO
|p 3010025927
|r 2023-09-03
|s 2022-06-29
|t 1
|w 2012-09-10
|y BK
|